000 00727nam a2200253Ia 4500
003 OSt
005 20221005084936.0
006 a|||||r|||| 00| 0
007 ta
008 221004b |||||||| |||| 00| 0 eng d
024 _a66038
037 _cTextual
040 _aCRL
_cCRL
_beng
041 _2eng
_aeng
082 _aWxM14, N0
100 _aBakunin Michael
_9119617
245 0 _aStatism and anarchy ed by Marshalls S. Shatz
260 _aNew York
_bCambridge University Press USA
_c1990
300 _a243p.
_ccm.
490 _aCambridge texts in the history of political thought, 2.
650 _aPOLITICAL SCIENCE
942 _hWxM14, N0
_cTEXL
_2cc
999 _c993315
_d993315